| 000 | 01377nam a2200121Ia 4500 | ||
|---|---|---|---|
| 008 | 220620s9999||||xx |||||||||||||| ||und|| | ||
| 100 | _aMorrill, Bruce | ||
| 245 | 0 | _aSacramental Theology: Theory and Practice from Multiple Perspectives: Theory and Practice from Multiple Perspectives | |
| 546 | _aEnglish[eng] | ||
| 650 | _aliturgy||Holy Spirit||symbol||Antoine Vergote||laity||revelation||theological ethics||sacrament||sacramental universe||E.O. Wilson||pansacramentalism||ecological grace||coloniality||Jean-Yves Lacoste||liturgical theology||ontology||climate change||critical realism||Second Vatican Council||baptism||sacrament of penance||spirituality||disaffiliation||hermeneutics||history of Catholicism in the United States||mystagogy||post-colonial theory||ekstasis||Emmanuel Falque||drones||Jean-Luc Marion||sacramentality||Eucharist||psychoanalysis||phenomenology||lived religion||ecology||frequent communion||Roman Catholic Church||communal ontology||moral theology||pandemonium tremendum||creation||chaos theory||agency||interreligious studies||social structures||John Zizioulas||theology||decoloniality||Synod on the Youth||vocation||interreligious||confession||Pneumatology||ritual theory||Epic of Evolution||social theory||apophaticism||Margaret Archer||Catholic guilt||sacramental theology | ||
| 856 | _uhttps://mdpi.com/books/pdfview/book/1804 | ||
| 942 | _cEB | ||
| 999 |
_c22428 _d22428 |
||